|
|
|
|
| LEADER |
01227nam a2200301 u 4500 |
| 001 |
10030631 |
| 003 |
upatras |
| 005 |
20241015083706.0 |
| 008 |
991021s1962 us eng |
| 040 |
|
|
|a GR-PaULI
|c GR-PaULI
|
| 041 |
0 |
|
|a eng
|
| 082 |
0 |
4 |
|a 759.03
|
| 100 |
1 |
|
|a Levey, Michael
|9 708
|
| 245 |
1 |
0 |
|a A concise history of painting
|b from Giotto to Cezanne
|c Michael Levey
|
| 260 |
|
|
|a New York
|b Praeger Publishers
|c 1962
|
| 300 |
|
|
|a 324 p.
|c 21 cm.
|
| 490 |
0 |
|
|a Praeger world of art series
|
| 500 |
|
|
|a With 549 plates in full color
|
| 504 |
|
|
|a Includes list of illustrations
|
| 650 |
|
4 |
|a Ζωγραφική, Αναγεννησιακή
|z Ιταλία
|9 25302
|
| 650 |
|
0 |
|a Ζωγραφική, Ευρωπαϊκή
|y 17ος αιώνας
|z
|9 128124
|
| 650 |
|
4 |
|a Ζωγραφική
|x Ρομαντισμός
|9 8006
|
| 760 |
0 |
|
|a Praeger world of art series
|
| 852 |
|
|
|a GR-PaULI
|b ΠΑΤΡΑ
|b ΒΚΠ
|b ΒΣ1
|k ΔΩΡΕΕΣ
|h 759.03 LEV
|m 050683
|p 025000070250
|t 1
|
| 942 |
|
|
|2 ddc
|
| 952 |
|
|
|0 0
|1 0
|4 0
|6 759_030000000000000_LEV
|7 0
|9 199874
|a LISP
|b LISP
|c BSC
|d 2016-04-24
|i 050683
|l 2
|m 1
|o 759.03 LEV
|p 025000070250
|r 2018-03-29 00:00:00
|s 2018-03-19
|t 1
|w 2016-04-24
|
| 998 |
|
|
|c ΔΡΑΚΟΠΟΥΛΟΥ
|d 1999-10
|
| 999 |
|
|
|c 122527
|d 122527
|